| Tag |
First Indicator |
Second Indicator |
Subfields |
| LEADER |
00000cgm a2200000Ia 4500 |
| 001 |
in00002534839 |
| 005 |
20151113131556.0 |
| 007 |
vd bvaizm |
| 008 |
091106s2009 cau063 vleng d |
| 024 |
1 |
|
|a 747313800346
|c 8-disc set
|
| 024 |
1 |
|
|a 747313902156
|
| 028 |
4 |
0 |
|a 2.108003
|b Naxos
|
| 028 |
4 |
2 |
|a 2.119021
|b Naxos
|
| 035 |
|
|
|a (OCoLC)ocn463619749
|
| 035 |
|
|
|a (OCoLC)463619749
|
| 040 |
|
|
|a NOC
|b eng
|c NOC
|d LRU
|d MYG
|d TEF
|d TXA
|d UtOrBLW
|
| 049 |
|
|
|a TXAM
|
| 050 |
|
4 |
|a M1366.G37
|b E77 2009
|
| 082 |
0 |
4 |
|a 782.42165
|2 22
|
| 245 |
0 |
0 |
|a Erroll Garner :
|b live in '63 & '64 /
|c producers, David Peck, Phillip Galloway & Tom Gulotta for Reelin' in the Years Productions.
|
| 264 |
|
0 |
|a [San Diego, Calif.] :
|b Reelin' in the Years Productions ;
|a [Place of publication not identified] :
|b Naxos,
|c [2009]
|
| 264 |
|
4 |
|c ©2009
|
| 300 |
|
|
|a 1 videodisc (63 min.) :
|b sound, black and white ;
|c 4 3/4 in. +
|e 1 booklet (19 pages : illustrations ; 18 cm.)
|
| 336 |
|
|
|a two-dimensional moving image
|b tdi
|2 rdacontent
|
| 337 |
|
|
|a video
|b v
|2 rdamedia
|
| 338 |
|
|
|a videodisc
|b vd
|2 rdacarrier
|
| 490 |
1 |
|
|a Jazz icons ;
|v [Series 4]
|
| 538 |
|
|
|a DVD, all regions, full screen presentation; Dolby Digital mono.
|
| 500 |
|
|
|a Title from menu screen.
|
| 511 |
0 |
|
|a Erroll Garner, piano ; Eddie Calhoun, bass ; Kelly Martin, drums.
|
| 518 |
|
|
|a Filmed for television broadcast in Belgium, Dec. 1963, and in Sweden, Jan. 1964.
|
| 520 |
|
|
|a "Presents two beautifully filmed concerts from 1963 and 1964 featuring [Erroll Garner's] classic trio of bassist Eddie Calhoun and drummer Kelly Martin. Erroll Garner was one of jazz's true original players and this DVD showcases his improvisational brilliance on a parade of his most classic numbers. The trio delivers throughout both shows including favorites 'Fly me to the moon' and 'I get a kick out of you,' as well as originals 'Erroll's theme,' 'Mambo Erroll' and his best-known composition, 'Misty.' "--Container.
|
| 505 |
0 |
|
|a Erroll's theme -- I get a kick out of you -- Fly me to the moon -- Sweet and lovely -- It might as well be spring -- Misty -- Where or when -- Thanks for the memories -- Erroll's theme -- When your lover has gone -- Fly me to the moon -- Mambo Erroll -- My funny valentine -- One-note samba -- Where or when -- Thanks for the memories -- Erroll's theme.
|
| 500 |
|
|
|a Issued in publisher's 8-disc boxed set, videorecording number: Naxos 2.108003.
|
| 500 |
|
|
|a Program notes (19 pages) in container.
|
| 500 |
|
|
|a Videorecording.
|
| 650 |
|
0 |
|a Jazz
|y 1961-1970.
|
| 650 |
|
0 |
|a Piano with jazz ensemble.
|
| 650 |
|
0 |
|a Jazz musicians.
|
| 655 |
|
7 |
|a Concert television programs.
|2 lcgft
|
| 655 |
|
7 |
|a Documentary television programs.
|2 lcgft
|
| 655 |
|
7 |
|a Nonfiction television programs.
|2 lcgft
|
| 700 |
1 |
|
|a Peck, David.
|
| 700 |
1 |
|
|a Galloway, Phillip.
|
| 700 |
1 |
|
|a Gulotta, Tom.
|
| 700 |
1 |
|
|a Garner, Erroll,
|e performer.
|
| 700 |
1 |
|
|a Calhoun, Eddie,
|e performer.
|
| 700 |
1 |
|
|a Martin, Kelly
|c (Percussionist),
|e performer.
|
| 710 |
2 |
|
|a Reelin' in the Years Productions.
|
| 710 |
2 |
|
|a Naxos (Sound recording label)
|
| 830 |
|
0 |
|a Jazz icons ;
|v [ser. 4].
|
| 994 |
|
|
|a C0
|b TXA
|
| 948 |
|
|
|a cataloged
|b h
|c 2009/12/17
|d c
|e blrosas
|f 3:52:30 pm
|
| 999 |
|
|
|a MARS
|
| 999 |
f |
f |
|s d0c9f4b0-3cee-3a5d-bcc2-5bc5e172b01f
|i 7c203a06-5b67-32c0-a79e-8d38b2129751
|t 0
|
| 952 |
f |
f |
|p ric
|a Texas A&M University
|b Rellis Campus
|c Joint Library Facility
|d Remote Storage
|t 0
|e M1366.G37 E77 2009
|h Library of Congress classification
|i video -- videodisc
|m A14838049988
|
| 998 |
f |
f |
|a M1366.G37 E77 2009
|t 0
|l Remote Storage
|